Top 5 Countries that produce ... #19 - Statistics

General Stats
  • This quiz has been taken 103 times
  • The average score is 28 of 30
Answer Stats
Answer % Correct
United States
100%
United States
100%
United States
100%
United States
100%
United States
100%
China
99%
China
99%
China
99%
India
99%
India
99%
India
99%
France
98%
Japan
97%
Japan
97%
United Kingdom
97%
United Kingdom
97%
United Kingdom
97%
United Kingdom
97%
Brazil
96%
Brazil
96%
Brazil
96%
Germany
95%
Germany
95%
Russia
92%
Mexico
87%
Indonesia
82%
Nigeria
82%
Turkey
67%
Pakistan
64%
Thailand
51%
No matching quizzes found
Score Distribution
Percent of People with Each Score
Percentile by Number Answered
Your Score History
You have not taken this quiz